Prezidentské barikády

Bibliographic Details
Main Authors: Pohronec, Juraj (Author), Kováč, Michal (Author)
Format: Article
Language:Slovak
Subjects:

MARC

LEADER 00000nab a2200000 a 4500
001 vtls000549484
003 SK-MaSNL
005 20260304015819.0
008 120929c1995 xo 0 slo
015 |a SNBRB19rr/mm-uuuuu 
035 |a CL0549622 
040 |a SNKBUCL  |b slo  |c SNKBUCL  |e AACR2 
041 0 |a slo 
044 |a xo  |c SK 
080 |a 342.516  |2 1981 
080 |a 342.511(437.6)  |2 1981 
080 |a 328.1(437.6)  |2 1981 
100 1 |a Pohronec, Juraj  |4 aut  |9 901757 
245 1 0 |a Prezidentské barikády  |c Juraj Pohronec 
610 1 7 |a Slovensko.  |b Národná rada  |2 snkbucl  |9 165573 
610 1 7 |a Slovensko.  |b Prezident  |2 snkbucl  |9 165734 
655 7 |a články z novín a časopisov  |2 snkbucl  |9 267496 
700 1 |a Kováč, Michal  |4 aut  |9 265919 
773 0 |t Slovenská republika  |g Roč. 2, č. 131 (7. 6. 1995), s. 3 
850 |a Slovenská národná knižnica v Martine  |a MTA001 
852 |a SNK  |b KIS3GCP 
958 |a RK 
992 |a RBX 
999 |c 2594539  |d 2596469